[Event "Moscow5"]
[Site "Moscow"]
[Date "1995.??.??"]
[Round "4"]
[White "Ivanov, Mikhail M"]
[Black "Fedorov, Alexei"]
[Result "0-1"]
[WhiteElo "2445"]
[BlackElo "2540"]

1.Nf3 Nf6 2.c4 g6 3.Nc3 Bg7 4.e4 d6 5.d4 O-O 6.Be2 e5 7.d5 a5 8.h3 Na6 9.Bg5 Qe8
10.Nd2 Kh8 11.h4 Ng8 12.h5 f5 13.Nf3 h6 14.hxg6 Qxg6 15.Qd2 f4 16.O-O-O Nc5
17.g4 Bxg4 18.Rdg1 Bxf3 19.Bxh6 Bxh1 20.Rxg6 Bxh6 21.f3 Rf6 22.Rg1 Bxf3 23.Bxf3 Ne7
24.Qh2 Rg8 25.Rxg8+ Nxg8 26.Kc2 Rg6 27.b3 Rg3 28.Qh1 Kg7 29.a3 Nf6 30.b4 axb4
31.axb4 Ncd7 32.Ne2 Rg5 33.Qa1 Nf8 34.Qa8 Ng6 35.Qxb7 Nh4 36.Qxc7+ Kg6  0-1

[Event "Moscow-ch op"]
[Site "Moscow"]
[Date "1995.??.??"]
[Round "5"]
[White "Shipov, Sergei"]
[Black "Utemov, Vladimir"]
[Result "1/2-1/2"]
[WhiteElo "2510"]
[BlackElo "2405"]

1.d4 Nf6 2.c4 g6 3.Nc3 Bg7 4.e4 d6 5.Be2 O-O 6.Nf3 e5 7.Be3 Nbd7 8.O-O c6
9.d5 c5 10.Ne1 Ne8 11.Nd3 f5 12.f4 exf4 13.Nxf4 Ne5 14.exf5 Rxf5 15.Qd2 Nc7
16.b3 Rf8 17.Nd3 Bf5 18.Nf2 Qe7 19.Rae1 Rae8 20.Bg5 Bf6 21.Bf4 Bg7 22.Bd3 Bc8
23.Bg5 Bf6 24.Bh6 Bg7 25.Bg5 Bf6  1/2-1/2

[Event "Moscow op2"]
[Site "Moscow"]
[Date "1995.??.??"]
[Round "5"]
[White "Ivanov, Mikhail Y"]
[Black "Isupov, Vladimir"]
[Result "1/2-1/2"]
[WhiteElo "2280"]
[BlackElo "2380"]

1.d4 Nf6 2.Nf3 g6 3.c4 Bg7 4.Nc3 O-O 5.e4 d6 6.Be2 e5 7.d5 a5 8.Bg5 h6 9.Bh4 Na6
10.Nd2 Bd7 11.O-O Qe8 12.f3 Nh7 13.Kh1 h5 14.b3 Bf6 15.Bf2 h4 16.a3 Bg5 17.Qc2 Qe7
18.Rab1 Bf4 19.Rfd1 Qg5 20.Nf1 f5 21.b4 axb4 22.axb4 Nf6 23.Bd3 Rac8 24.Qe2 Kg7
25.c5 Nb8 26.Ra1 Rh8  1/2-1/2

[Event "Moscow op"]
[Site "Moscow"]
[Date "1995.??.??"]
[Round "6"]
[White "Efremov, Roman"]
[Black "Odesskij, Ilia"]
[Result "1/2-1/2"]
[WhiteElo "2475"]
[BlackElo "2250"]

1.d4 d6 2.Nf3 Nf6 3.c4 g6 4.Nc3 Bg7 5.e4 O-O 6.Be2 e5 7.O-O exd4 8.Nxd4 Re8
9.f3 Nc6 10.Be3 Nh5 11.Qd2 Nf4 12.Nxc6 Nxe2+ 13.Nxe2 bxc6 14.Rad1 Be6 15.b3 c5
16.Nf4 a5 17.Nxe6 fxe6 18.f4 Qe7 19.Qf2 a4 20.e5 axb3 21.axb3 Reb8 22.Rd3 Ra6
23.Rfd1 Bf8 24.Qf3 Qf7  1/2-1/2

[Event "Moscow op"]
[Site "Moscow"]
[Date "1995.??.??"]
[Round "6"]
[White "Danielian, Oganes"]
[Black "Khomyakov, Vladimir"]
[Result "1-0"]
[WhiteElo "2455"]
[BlackElo "2340"]

1.d4 Nf6 2.c4 g6 3.Nc3 Bg7 4.e4 d6 5.Nf3 O-O 6.Be2 e5 7.O-O Na6 8.Re1 c6
9.Bf1 Bg4 10.Be3 Nh5 11.dxe5 dxe5 12.h3 Qxd1 13.Raxd1 Bxf3 14.gxf3 b6 15.Rd7 Nf6
16.Rd6 Rfc8 17.f4 Nh5 18.f5 Bf8 19.Rd2 Ng7 20.Bd3 Bc5 21.Bb1 Rd8 22.Red1 Rxd2
23.Rxd2 Bxe3 24.fxe3 Ne8 25.a3 Kf8 26.b4 Ke7 27.b5 cxb5 28.cxb5 Nac7 29.Ba2 g5
30.Bc4 f6 31.Nd5+ Nxd5 32.Bxd5 Rc8 33.Bc6 Rd8 34.Ra2 Rd3 35.a4 Rxe3 36.a5 Nc7
37.axb6 axb6 38.Rd2 Ne8 39.Rd7+ Kf8 40.Rd8  1-0

[Event "Moscow Petrosian"]
[Site "Moscow"]
[Date "1995.??.??"]
[Round "6"]
[White "Shipov, Sergei"]
[Black "Iordachescu, Viorel"]
[Result "1/2-1/2"]
[WhiteElo "2510"]
[BlackElo "2425"]

1.d4 Nf6 2.c4 g6 3.Nc3 Bg7 4.e4 d6 5.Be2 O-O 6.Nf3 e5 7.Be3 Nbd7 8.O-O Re8
9.d5 Nh5 10.g3 Bf8 11.Ne1 Ng7 12.Nd3 Be7 13.Qd2 f5 14.f3 Rf8 15.Kg2 Nf6 16.exf5 gxf5
17.f4 e4 18.Nf2 c5 19.h3 Qe8 20.Rh1 Qg6 21.Rag1 h5 22.Kf1 Kf7 23.Qc2 Rh8
24.Bd2 Bd7 25.a4 b6 26.Ncd1 a6 27.Ne3 b5 28.a5 Rab8 29.b3 bxc4 30.bxc4 Rb7
31.Bc3  1/2-1/2

[Event "Moscow op2"]
[Site "Moscow"]
[Date "1995.??.??"]
[Round "6"]
[White "Yanvarjov, Igor"]
[Black "Cherniak, Anton S"]
[Result "1-0"]
[WhiteElo "2425"]
[BlackElo "2255"]

1.d4 Nf6 2.Nf3 g6 3.c4 Bg7 4.Nc3 O-O 5.e4 d6 6.Be2 e5 7.d5 a5 8.Bg5 h6 9.Bh4 Na6
10.O-O Bd7 11.Nd2 Qe8 12.Kh1 Nh7 13.a3 f5 14.exf5 gxf5 15.Bh5 Qc8 16.Be7 Re8
17.Bxe8 Qxe8 18.Bh4 a4 19.f3 Nc5 20.Qc2 Kh8 21.Bf2 Nf6 22.Bxc5 dxc5 23.Rae1 Qe7
24.Rf2 Ne8 25.Nb5 b6 26.Rfe2 Bxb5 27.cxb5 Nd6 28.Nc4 Nxc4 29.Qxc4 Qd6 30.Rd1 Ra5
31.g4 f4 32.Qe4 Rxb5 33.Qxa4 Ra5 34.Qe8+ Kh7 35.Rg2 Qg6 36.Qxg6+ Kxg6 37.d6 cxd6
38.Rxd6+ Kg5 39.Rd5 Ra4 40.Rgd2 Rc4 41.Kg2 b5 42.b3 Rc3 43.b4 c4 44.Rxb5 Rxa3
45.Rc5 c3 46.Rc2 Rb3 47.R2xc3 Rxb4 48.Kh3 Rb2 49.Rc7 Bf6 50.Rc8 Kg6 51.R3c7 Bg5
52.Rc6+ Kf7 53.R8c7+ Kf8 54.Rh7 Kg8 55.Ra7  1-0

[Event "Moscow op2"]
[Site "Moscow"]
[Date "1995.??.??"]
[Round "7"]
[White "Savitskaya, Ekaterina P"]
[Black "Miroshnichenko, Evgenij"]
[Result "1-0"]
[WhiteElo "2170"]
[BlackElo "2270"]

1.d4 Nf6 2.c4 g6 3.Nc3 Bg7 4.e4 O-O 5.Nf3 d6 6.Be2 e5 7.d5 Nbd7 8.Bg5 a6
9.Nd2 c5 10.a3 Qc7 11.O-O h6 12.Be3 Nh7 13.b4 f5 14.f3 b6 15.Qa4 Ndf6 16.Qc6 Qxc6
17.dxc6 Be6 18.Nd5 Rab8 19.Rab1 Ng5 20.c7 Rb7 21.bxc5 dxc5 22.Bxc5 Bxd5  1-0

[Event "Moscow op2"]
[Site "Moscow"]
[Date "1995.??.??"]
[Round "7"]
[White "Kovalevsky, Armen"]
[Black "Isupov, Vladimir"]
[Result "0-1"]
[WhiteElo "2255"]
[BlackElo "2380"]

1.Nf3 Nf6 2.c4 g6 3.Nc3 Bg7 4.e4 d6 5.d4 O-O 6.Be2 e5 7.dxe5 dxe5 8.Qxd8 Rxd8
9.Nd5 Na6 10.Bg5 Rd6 11.Nd2 c6 12.Bxf6 Bxf6 13.Nxf6+ Rxf6 14.a3 Rd6 15.O-O-O Kf8
16.b4 c5 17.b5 Nc7 18.Nb3 Rxd1+ 19.Rxd1 b6 20.Rd8+ Ne8 21.f3 Ke7 22.Rd5 Be6
23.Rd2 Nd6 24.Rc2 Nxb5 25.Nxc5 Nd4 26.Nxe6 Kxe6 27.Rb2 Rc8 28.Bd3 b5 29.c5 Rxc5+
30.Kd2 a5 31.Bb1 f5 32.Ba2+ Kf6 33.Bb1 f4 34.Bd3 Kg5  0-1

[Event "Moscow6"]
[Site "Moscow"]
[Date "1995.??.??"]
[Round "8"]
[White "Donchenko, Anatoly G"]
[Black "Neverov, Valeriy"]
[Result "1/2-1/2"]
[WhiteElo "2405"]
[BlackElo "2485"]

1.Nf3 Nf6 2.c4 g6 3.Nc3 Bg7 4.e4 d6 5.d4 O-O 6.Be2 e5 7.dxe5 dxe5 8.Qxd8 Rxd8
9.Bg5 Re8 10.O-O-O Na6  1/2-1/2

[Event "Moscow op2"]
[Site "Moscow"]
[Date "1995.??.??"]
[Round "9"]
[White "Ivanov, Mikhail Y"]
[Black "Radjabov, R."]
[Result "1/2-1/2"]
[WhiteElo "2280"]
[BlackElo "2120"]

1.d4 Nf6 2.c4 g6 3.Nc3 Bg7 4.e4 d6 5.Nf3 O-O 6.Be2 e5 7.d5 h6 8.Nd2 Nbd7
9.O-O Kh7 10.Re1 Ng8 11.Nf1 f5 12.exf5 gxf5 13.f4 Qh4 14.g3 Qe7 15.Qc2 Qf7
16.Ne3 Qg6 17.Kh1 c6  1/2-1/2

[Event "Moscow PCA-Intel qual"]
[Site "Moscow"]
[Date "1995.??.??"]
[Round "9"]
[White "Shneider, Aleksandr"]
[Black "Dolmatov, Sergey"]
[Result "1/2-1/2"]
[WhiteElo "2530"]
[BlackElo "2605"]

1.d4 Nf6 2.c4 g6 3.Nc3 Bg7 4.e4 d6 5.Nf3 O-O 6.Be2 c6 7.O-O e5 8.Be3 exd4
9.Bxd4 Re8 10.Qc2 b6 11.Rad1 Nbd7 12.Rfe1 Bb7 13.Be3 Qc7 14.Bf1 Ne5 15.Nxe5 dxe5
16.c5 b5 17.a4 a6 18.b4 Rad8 19.h3 Rxd1 20.Rxd1 Rd8 21.Rxd8+ Qxd8 22.axb5 axb5
23.Qa2 Ne8 24.Nb1 Nc7 25.Nd2 Qa8 26.Qxa8+ Nxa8 27.Nb3 Bc8 28.Na5 Bd7 29.Be2 Nc7
30.Bg4 f5 31.Bf3 f4 32.Bd2 Kf7 33.Bd1 Ke7 34.Kf1 Ne6 35.Bc3 Nd8 36.Ke2  1/2-1/2

[Event "Moscow-ch op"]
[Site "Moscow"]
[Date "1995.??.??"]
[Round "10"]
[White "Verner, A."]
[Black "Markosian, David S"]
[Result "1/2-1/2"]
[WhiteElo "2360"]
[BlackElo "2255"]

1.c4 Nf6 2.Nf3 g6 3.Nc3 Bg7 4.e4 d6 5.d4 O-O 6.Be2 e5 7.d5 Nbd7 8.Bg5 h6
9.Bh4 g5 10.Bg3 Nh5 11.h4 g4 12.Nd2 Ndf6 13.Nf1 Nf4 14.Ne3 h5 15.f3 Nxe2
16.Qxe2 Bh6 17.Bf2 Kh7 18.Qd3 gxf3 19.gxf3 Rg8 20.Ke2 Bd7 21.Rhg1 Qe7 22.Rxg8 Rxg8
23.Rg1 Rxg1 24.Bxg1  1/2-1/2

[Event "Moscow-ch op"]
[Site "Moscow"]
[Date "1995.??.??"]
[Round "11"]
[White "Shipov, Sergei"]
[Black "Pankratov, A."]
[Result "1-0"]
[WhiteElo "2510"]
[BlackElo "2325"]

1.d4 Nf6 2.Nf3 g6 3.c4 Bg7 4.Nc3 O-O 5.e4 d6 6.Be2 e5 7.Be3 h6 8.O-O Ng4
9.Bc1 Nc6 10.d5 Ne7 11.Ne1 f5 12.Bxg4 fxg4 13.Be3 c5 14.dxc6 bxc6 15.Nc2 Be6
16.Qd2 Bxc4 17.Rfd1 Nc8 18.Bxh6 Bxh6 19.Qxh6 Qf6 20.Qd2 Rb8 21.Ne3 Be6 22.Rac1 Rb4
23.Rf1 Rd4 24.Qc2 Rf7 25.Ne2 Rh7 26.Qxc6 Rd2 27.Qe8+ Kg7 28.Rc7+ Kh6 29.Rxh7+ Kxh7
30.Nc3 Rxb2 31.Ncd5 Qf7 32.Qd8 Bxd5 33.Nxd5 Rc2 34.f4 a6 35.fxe5 Qa7+ 36.Kh1 Rf2
37.Qh4+  1-0

[Event "Nagykanizsa op "]
[Site "Nagykanizsa"]
[Date "1995.??.??"]
[Round "?"]
[White "Gladyszev, Oleg"]
[Black "Zimmerman, Yuri"]
[Result "1/2-1/2"]
[WhiteElo "2240"]
[BlackElo "2335"]

1.d4 Nf6 2.c4 g6 3.Nc3 Bg7 4.e4 d6 5.Be2 O-O 6.Nf3 e5 7.d5 a5 8.Bg5 h6 9.Bh4 Na6
10.Nd2 Qe8 11.O-O Nh7 12.a3 Bd7 13.Kh1 h5 14.f3 Bh6 15.b3 Be3 16.Qc2 f5 17.exf5 gxf5
18.Bf2 Bxf2 19.Rxf2 c5 20.dxc6 bxc6  1/2-1/2

[Event "Nagykanizsa op "]
[Site "Nagykanizsa"]
[Date "1995.??.??"]
[Round "?"]
[White "Domotor, Jozsef"]
[Black "Gladyszev, Oleg"]
[Result "0-1"]
[WhiteElo "2150"]
[BlackElo "2240"]

1.Nf3 Nf6 2.c4 g6 3.Nc3 Bg7 4.e4 d6 5.d4 O-O 6.Be2 e5 7.dxe5 dxe5 8.Qxd8 Rxd8
9.Bg5 c6 10.Nxe5 Re8 11.O-O-O Na6 12.Rd6 Nh5 13.Nf3 Nc5 14.Be3 Bxc3 15.Bxc5 Bf6
16.Be3 Rxe4 17.Nd2 Re6 18.Rxe6 Bxe6 19.Ne4 Be5 20.Nc5 Nf4 21.Nxe6 Nxe2+ 22.Kd2 fxe6
23.Kxe2 Rd8 24.Rd1 Rxd1 25.Kxd1 Bxb2 26.Bxa7 Kf7 27.Ke2 Kf6 28.Ke3 Kf5 29.Bb8 e5
30.f3 Bd4+ 31.Ke2 Bg1 32.Bc7 Bxh2 33.Bb6 Bf4 34.g4+ Ke6 35.Kd3 h5 36.Bd8 Bg3
37.gxh5 gxh5 38.Ke2 h4 39.Kf1 h3 40.Bb6 Kf5 41.Bc7 Bf4  0-1

[Event "Nagykanizsa op "]
[Site "Nagykanizsa"]
[Date "1995.??.??"]
[Round "?"]
[White "Gladyszev, Oleg"]
[Black "Kopjonkin, Gennady"]
[Result "1/2-1/2"]
[WhiteElo "2240"]
[BlackElo "2425"]

1.d4 Nf6 2.c4 g6 3.Nc3 Bg7 4.e4 d6 5.Be2 O-O 6.Nf3 e5 7.d5 a5 8.Bg5 h6 9.Bh4 Na6
10.Nd2 Qe8 11.O-O h5 12.a3 Nh7 13.h3 Bd7 14.Kh1 Bh6 15.Qc2 a4 16.Nb5 Qc8
17.Bg3 Nc5 18.b4 axb3 19.Nxb3 Nxb3 20.Qxb3 Ng5 21.Qe3 f6 22.f4 Nf7 23.Qf3 Bxb5
24.cxb5 exf4 25.Bxf4 Bxf4 26.Qxf4 Ne5 27.a4 b6 28.Qh4 Kg7 29.Ra3 Qd8 30.Qg3 Rh8
31.Qc3 Nd7 32.Bd3 Rf8 33.Bc4 Qe7 34.Rfa1 Nc5 35.a5 bxa5 36.Rxa5 Rxa5 37.Rxa5 Rf7
38.Qb4 Qe5 39.Ra3 Re7 40.Ra7 h4 41.Qa5 Kh6 42.Rxc7 Rxc7 43.Qxc7 Qa1+ 44.Kh2 Qe5+
45.Kh1 Qa1+ 46.Kh2 Qe5+  1/2-1/2

[Event "New Castle schev"]
[Site "New Castle on Tyne"]
[Date "1995.??.??"]
[Round "6"]
[White "Ledger, David"]
[Black "Rayner, Francis"]
[Result "0-1"]
[WhiteElo "2295"]
[BlackElo "2200"]

1.d4 Nf6 2.c4 g6 3.Nc3 Bg7 4.e4 O-O 5.Nf3 d6 6.Be2 e5 7.O-O exd4 8.Nxd4 Re8
9.f3 Nc6 10.Be3 Nh5 11.Nxc6 bxc6 12.g4 Nf6 13.Kh1 Bb7 14.Qb3 Qc8 15.c5 d5
16.Rad1 Ba6 17.Bxa6 Qxa6 18.Qc2 dxe4 19.Nxe4 Nd5 20.Bc1 Qxa2 21.f4 Rab8 22.f5 Ne3
23.Bxe3 Rxb2 24.Qxb2 Qxb2 25.fxg6 hxg6 26.Bc1 Qc2 27.Ng5 Qe2 28.Nf3 Qe4 29.h3 Qc4
30.Ng5 f6 31.Nf3 a5 32.Bb2 Qxc5 33.Rd7 Re7 34.Rd8+ Kh7 35.Bd4 Qc4 36.Kg1 c5
37.Bb2 Qf4 38.Rd2 Re3 39.Rdf2 Qg3+ 40.Kh1 Kg8 41.Ng1 Re6 42.Rf3 Qd6 43.R1f2 Qd5
44.Kh2 Qd6+ 45.Kg2 Qd5 46.Kh2 c4 47.h4 Qe4 48.Rf4 Qd3 49.Rd4 Qe3 50.Rf3 Qe1
51.Bc3 Qxh4+ 52.Kg2 Qg5 53.Nh3 Qb5 54.Nf4 Rd6 55.Re4 f5 56.gxf5 Bxc3 57.Nxg6 Rd2+
58.Kh3 Rd3  0-1

[Event "New York Marshall"]
[Site "New York"]
[Date "1995.??.??"]
[Round "1"]
[White "Bezold, Michael"]
[Black "Remlinger, Larry"]
[Result "1/2-1/2"]
[WhiteElo "2495"]
[BlackElo "2465"]

1.d4 Nf6 2.c4 g6 3.Nc3 Bg7 4.e4 d6 5.Nf3 O-O 6.Be2 e5 7.d5 a5 8.Bg5 h6 9.Bh4 Na6
10.O-O Qe8 11.Nd2 Bd7 12.a3 Nh7 13.Kh1 h5 14.f3 Bh6 15.b3 Be3 16.Ra2 Qb8
17.Qb1 c5 18.Nb5 Re8 19.Rd1 Kg7 20.Bd3 Bg5 21.Be1 h4 22.Nf1 b6 23.g3 hxg3
24.hxg3 Rh8 25.Rh2 Bf6 26.Rdd2 Qf8 27.Rdf2 Qe7 28.f4 Rag8 29.Qc2 Nf8 30.Bc3 Bh3
31.Ne3 Nd7 32.Na7 Rh7 33.Nc6 Qe8 34.Qb2 Rgh8 35.Kg1 Nab8 36.g4 Kg8 37.g5 Bg7
38.Bf1  1/2-1/2

[Event "New York Marshall"]
[Site "New York"]
[Date "1995.??.??"]
[Round "4"]
[White "Kumaran, Dharshan"]
[Black "Sokolin, Leonid M"]
[Result "1/2-1/2"]
[WhiteElo "2505"]
[BlackElo "2465"]

1.d4 Nf6 2.c4 g6 3.Nc3 Bg7 4.e4 d6 5.Nf3 O-O 6.Be2 e5 7.d5 h6 8.Nd2 c6 9.Nf1 Na6
10.Be3 cxd5 11.cxd5 b5 12.Bxb5 Ng4 13.Be2 Nxe3 14.Nxe3 f5 15.O-O Nc5 16.b4 Nxe4
17.Nxe4 fxe4 18.Rc1 Bf5 19.Rc6 Rf7 20.Nc4 Bf8 21.b5 Qg5 22.Qc1 Qf6 23.a4 Bd7
24.Rc7 Qd8 25.Ne3 Rc8 26.Rxc8 Bxc8 27.Qc4 Bf5 28.Qb4 Qb6 29.a5 Qd4 30.Rb1 Bc8
31.Qc4 Bb7 32.a6 Ba8 33.Rd1 Qb2 34.Kf1 Kg7 35.g3 Be7 36.Qxe4 h5 37.h4 Bd8
38.Nc4 Qb4 39.Bd3 Rf6 40.Rb1 Qc5 41.Qe3 Qxd5 42.Qxa7+ Rf7 43.Qe3 Rf3 44.Qe4 Rxd3
45.Qxd5 Bxd5 46.Nxd6 Bb6 47.Nc8 Bc5 48.b6 Bc4 49.Ke1 Bxa6 50.b7 Bxb7  1/2-1/2

[Event "Nikolaev zt"]
[Site "Nikolaev"]
[Date "1995.??.??"]
[Round "1"]
[White "Ovsejevitsch, Sergei"]
[Black "Komliakov, Viktor"]
[Result "1-0"]
[WhiteElo "2370"]
[BlackElo "2535"]

1.d4 d6 2.Nf3 Nf6 3.c4 g6 4.Nc3 Bg7 5.e4 O-O 6.Be2 Nbd7 7.O-O e5 8.Be3 Re8
9.Qc2 exd4 10.Nxd4 c6 11.Rad1 a6 12.f3 d5 13.cxd5 cxd5 14.Kh1 b5 15.Bf4 Qb6
16.Nb3 Bb7 17.exd5 Rac8 18.Qd2 Rxc3 19.bxc3 Nxd5 20.c4 Nxf4 21.Qxf4 Rxe2
22.Rxd7 Bf6 23.c5 Qe6 24.Qb8+ Kg7 25.Qxb7 Rf2 26.Rg1 Be5 27.Qd5 Qf6 28.Rxf7+  1-0

[Event "Nikolaev zt"]
[Site "Nikolaev"]
[Date "1995.??.??"]
[Round "4"]
[White "Krivoshey, Sergei"]
[Black "Golubev, Mihail"]
[Result "1-0"]
[WhiteElo "2420"]
[BlackElo "2570"]

1.d4 Nf6 2.c4 g6 3.Nc3 Bg7 4.e4 d6 5.Nf3 O-O 6.Be2 e5 7.O-O exd4 8.Nxd4 Re8
9.f3 Nc6 10.Be3 Nh5 11.Qd2 Nxd4 12.Bxd4 Nf4 13.Kh1 Be5 14.Rad1 Ne6 15.Be3 Bg7
16.f4 f5 17.exf5 gxf5 18.Bh5 Rf8 19.Bf3 Qf6 20.Rfe1 Kh8 21.Re2 a6 22.Rde1 Rb8
23.Ba7 Ra8 24.Bf2 c6 25.Qxd6 Rd8 26.Qa3 Bf8 27.Qa5 Nxf4 28.Bg3 Ng6 29.Bc7 Rd4
30.Re8 Rxc4 31.Be5 Nxe5 32.Qxe5 Qxe5 33.R1xe5 Kg7 34.Rd8 Ba3 35.Nd1  1-0

[Event "Nikolaev zt"]
[Site "Nikolaev"]
[Date "1995.??.??"]
[Round "4"]
[White "Koutsin, Sergey"]
[Black "Komliakov, Viktor"]
[Result "0-1"]
[WhiteElo "2435"]
[BlackElo "2535"]

1.d4 d6 2.Nf3 Nf6 3.c4 g6 4.Nc3 Nbd7 5.e4 e5 6.Be2 Bg7 7.O-O O-O 8.Be3 Re8
9.d5 Nh5 10.g3 Bf8 11.Ne1 Ng7 12.b4 Be7 13.Nd3 f5 14.Qd2 Nf6 15.f3 h5 16.Rac1 h4
17.c5 Ngh5 18.Kg2 Rf8 19.cxd6 cxd6 20.exf5 gxf5 21.gxh4 f4 22.Bg1 Rf7 23.Nf2 Rg7+
24.Kh1 Bf8 25.Qe1 Ng3+ 26.hxg3 fxg3 27.Ng4 Nh5 28.Be3 Bxg4 29.Kg2 Bf5 30.Rh1 Be7
31.Qd2 Qe8 32.Bd3 Qg6 33.Ne4 Bd8 34.Rc3 Bb6 35.Bg5 Rf8 36.Bc2 Rgf7 37.Re1 Bd8
38.Bb1 Rh7 39.Bc2 Kh8 40.a3 Rg8 41.Rh1 Bxg5 42.Nxg5 Nf4+ 43.Kg1 Re7 44.Be4 Bxe4
45.fxe4 Qh5 46.Rxg3 Ne2+ 47.Kg2 Nxg3 48.Kxg3 Rxg5+  0-1

[Event "Nikolaev zt"]
[Site "Nikolaev"]
[Date "1995.??.??"]
[Round "11"]
[White "Neverov, Valeriy"]
[Black "Iordachescu, Viorel"]
[Result "1-0"]
[WhiteElo "2490"]
[BlackElo "2425"]

1.d4 Nf6 2.c4 d6 3.Nf3 g6 4.Nc3 Bg7 5.e4 O-O 6.Be2 e5 7.O-O Nbd7 8.Qc2 Re8
9.d5 a5 10.Bg5 h6 11.Be3 Ng4 12.Bd2 Nc5 13.Ne1 Nf6 14.Rb1 Ncxe4 15.Nxe4 Nxe4
16.Be3 Nf6 17.f3 Qe7 18.Qd2 Kh7 19.Rd1 Bf5 20.Kh1 a4 21.Nc2 Nd7 22.Na3 Nc5
23.Nb5 b6 24.Rde1 Qd8 25.Bd1 Bd7 26.Bc2 Re7 27.Qd1 Ra5 28.Nc3 Qe8 29.a3 Ra8
30.g4 e4 31.fxe4 Bxc3 32.bxc3 Nxe4 33.Qf3 Ng5 34.Qf4 Kg8 35.h4 Ne4 36.Bd4 c5
37.dxc6 Bxc6 38.Kg1 Kh7 39.Kh2 Raa7 40.Bxe4 Rxe4 41.Qf6 Qg8 42.Rxe4 Bxe4
43.Re1 Bc6 44.Qxd6  1-0

[Event "JUG-chT"]
[Site "Nis"]
[Date "1995.??.??"]
[Round "?"]
[White "Stojanovic, Mihajlo"]
[Black "Markovic, Miroslav"]
[Result "1-0"]
[WhiteElo "2355"]
[BlackElo "2470"]

1.d4 Nf6 2.c4 g6 3.Nc3 Bg7 4.e4 d6 5.Nf3 O-O 6.Be2 e5 7.Be3 Ng4 8.Bg5 f6
9.Bh4 Nc6 10.d5 Ne7 11.Nd2 h5 12.h3 Nh6 13.g4 g5 14.Bg3 Ng6 15.f3 Nf4 16.Rh2 c6
17.Nf1 cxd5 18.cxd5 a6 19.a4 Nf7 20.Qb3 Nh8 21.Ne3 Nhg6 22.Nc4 Qe7 23.a5 Rf7
24.Bf1 Bf8 25.Na4 Rb8 26.Nab6 Rh7 27.O-O-O Bd7 28.Nxd7 Qxd7 29.Nb6 Qe8 30.Kb1 Be7
31.Rc1 Bd8 32.Rhc2 hxg4 33.hxg4 Ne7 34.Be1 Bxb6 35.axb6 Rh1 36.Bb4 Nc8 37.Ba3 Kg7
38.Rc7+ Kg6 39.Qc3 Rh8 40.Qb4 Qd8 41.Bc4 Rh2 42.Ka2 Rh3 43.Rc3 Rh1 44.Qa5 Rg1
45.Bxa6 Ra8 46.Rxb7 Ne2 47.Bxe2 Rxa5 48.Rcc7 Qxc7 49.bxc7 Rc1 50.b4 Ra8 51.Rb8 Ra7
52.Rxc8 Rc3 53.Kb2 Rcxa3  1-0

[Event "JUG-chT"]
[Site "Nis"]
[Date "1995.??.??"]
[Round "?"]
[White "Stojanovic, Mihajlo"]
[Black "Damljanovic, Branko"]
[Result "1/2-1/2"]
[WhiteElo "2355"]
[BlackElo "2575"]

1.d4 Nf6 2.c4 g6 3.Nc3 Bg7 4.e4 d6 5.Nf3 O-O 6.Be2 e5 7.Be3 Ng4 8.Bg5 f6
9.Bh4 Nd7 10.d5 a5 11.Nd2 Nh6 12.f3 Nf7 13.Qc2 Bh6 14.Bf2 Nc5 15.Nb3 Na6
16.Nxa5 Nb4 17.Qd1 Rxa5 18.a3 Na6 19.b4 Nxb4 20.axb4 Rxa1 21.Qxa1 f5 22.c5 Bf4
23.O-O Ng5 24.Qa2 fxe4 25.Nxe4 Nxe4 26.fxe4 Qg5 27.Qb3 h5 28.b5 h4 29.b6 h3
30.g3 cxb6 31.cxd6 Bd2 32.Qxb6 Bg4 33.Qb5 Qh5 34.Bc5 Be3+ 35.Bxe3 Bxe2 36.Rxf8+ Kxf8
37.Qd7 Bd3 38.g4 Qh4 39.Qc8+ Kg7 40.Qxb7+ Kg8 41.Qc8+ Kg7 42.Qd7+ Kf8 43.Qc8+ Kg7
44.Bf2 Qg5 45.Qd7+ Kh6 46.Qc8  1/2-1/2

[Event "JUG-ch sf"]
[Site "Nis"]
[Date "1995.??.??"]
[Round "?"]
[White "Bakic, Rados"]
[Black "Antic, Dejan"]
[Result "1/2-1/2"]
[WhiteElo "2440"]
[BlackElo "2375"]

1.d4 Nf6 2.c4 g6 3.Nc3 Bg7 4.e4 d6 5.Nf3 O-O 6.Be2 e5 7.Be3 Na6 8.O-O Ng4
9.Bg5 Qe8 10.dxe5 dxe5 11.Nd2 f6 12.Bxg4 fxg5 13.Nb3 c6 14.Bxc8 Qxc8 15.Qd2 Qe6
16.Qxg5 Qxc4 17.Rad1 Rf7 18.Rd8+ Rxd8 19.Qxd8+ Rf8 20.Qe7 Qf7 21.Qxf7+ Kxf7
22.Na5 Rb8 23.Rd1 Ke6 24.a3 Bf8 25.g3 Bc5 26.Nb3 Bd6 27.Kg2 Nc5 28.Nxc5+ Bxc5
29.Ne2 a5 30.f4 a4 31.Kf3 Rf8 32.h4 h5 33.Rc1 b6 34.Rd1 Bd6 35.Ke3 b5 36.Rc1 Rc8
37.Rc2 Bb8 38.Kf3 Bd6 39.Ke3 c5 40.Nc3 Rb8 41.Rd2 Rf8 42.f5+ gxf5 43.exf5+ Rxf5
44.Nxb5 Be7 45.Nc7+ Kf7 46.Rd7 Rf1 47.Ke4 Re1+ 48.Kf5 Rf1+ 49.Kxe5 Re1+ 50.Kf4 Rf1+
51.Ke3 Rg1 52.Nd5 Ke6 53.Rxe7+ Kxd5 54.Rg7 Kc4 55.Kf4 Kb3 56.Rb7+ Ka2 57.Rb5 c4
58.Rb4 Rc1 59.Kg5 c3 60.bxc3 Kxa3 61.Kxh5 Rxc3 62.Rg4 Kb3 63.Rg8 a3 64.Rb8+ Kc2
65.g4 a2 66.Ra8 Kb2 67.Rxa2+ Kxa2 68.g5 Kb3 69.Kg6 Kc4 70.h5 Kd5 71.h6 Ke6
72.h7 Rh3 73.Kg7 Kf5  1/2-1/2

[Event "JUG-ch sf"]
[Site "Nis"]
[Date "1995.??.??"]
[Round "?"]
[White "Stojanovic, Mihajlo"]
[Black "Carnic, Srdjan"]
[Result "1-0"]
[WhiteElo "2355"]
[BlackElo "2320"]

1.d4 Nf6 2.c4 g6 3.Nc3 Bg7 4.e4 d6 5.Nf3 O-O 6.Be2 e5 7.Be3 exd4 8.Nxd4 Re8
9.f3 c6 10.Qd2 d5 11.exd5 cxd5 12.O-O Nc6 13.Rad1 Nxd4 14.Bxd4 dxc4 15.Bxc4 Be6
16.Bb5 Re7 17.Qf2 Qa5 18.Qh4 Rc7 19.Bxf6 Rxc3 20.Bxc3 Bxc3 21.bxc3 Qxb5 22.Rd8+ Rxd8
23.Qxd8+ Kg7 24.Qd4+ Kg8 25.Qxa7 b6 26.Qa8+ Kg7 27.Qa3 Qe2 28.Ra1 b5 29.Qa7 h5
30.Qf2  1-0

[Event "JUG-ch sf"]
[Site "Nis"]
[Date "1995.??.??"]
[Round "?"]
[White "Lekic, Dusan"]
[Black "Pikula, Dejan"]
[Result "1/2-1/2"]
[WhiteElo "2370"]
[BlackElo "2450"]

1.Nf3 Nf6 2.c4 g6 3.Nc3 Bg7 4.e4 d6 5.d4 O-O 6.Be2 e5 7.d5 a5 8.Bg5 Na6 9.Nd2 h6
10.Be3 Nxe4 11.Ndxe4 f5 12.Bd3 fxe4 13.Nxe4 b6 14.h4 Qe8 15.Qd2 h5 16.Ng5 Nc5
17.Bxc5 bxc5 18.Be4 Bh6 19.Qc2 Kg7 20.Ne6+ Bxe6 21.dxe6 Rb8 22.Rh3 Rf4 23.Rg3 Rg4
24.Rxg4  1/2-1/2

[Event "JUG-chT"]
[Site "Nis"]
[Date "1995.??.??"]
[Round "?"]
[White "Todorovic, Bojan"]
[Black "Antic, Dejan"]
[Result "0-1"]
[WhiteElo "2360"]
[BlackElo "2375"]

1.d4 Nf6 2.c4 g6 3.Nc3 Bg7 4.e4 d6 5.Nf3 O-O 6.Be2 Na6 7.O-O e5 8.Re1 c6
9.Rb1 exd4 10.Nxd4 Nc5 11.Bf3 h6 12.h3 Nh7 13.Bf4 Ng5 14.h4 Bxd4 15.hxg5 Ne6
16.Bh2 hxg5 17.e5 dxe5 18.Bxe5 Bxe5 19.Rxe5 Qd4 20.Re4 Qxd1+ 21.Rxd1 f5 22.Re5 g4
23.Be2 Kf7 24.Re1 Bd7 25.Bd1 Rfe8 26.Na4 b6 27.Nc3 Nc5 28.Bc2 Rxe5 29.Rxe5 Be6
30.b3 Rd8 31.Kf1 a5 32.Re1 Kf6 33.Ke2 Rh8 34.Rd1 Ke5 35.g3 g5 36.Kd2 Rh2
37.Re1+ Kf6 38.Ke2 f4 39.Rg1 Ke5 40.Bg6 Kd4 41.Nb1 a4 42.Nd2 f3+ 43.Ke1 axb3
44.axb3 Kc3  0-1

[Event "NLD-ch"]
[Site "?"]
[Date "1995.??.??"]
[Round "9"]
[White "Piket, Jeroen"]
[Black "Wiersma, Eelke"]
[Result "1-0"]
[WhiteElo "2670"]
[BlackElo "2180"]

1.d4 Nf6 2.c4 g6 3.Nc3 Bg7 4.e4 d6 5.Nf3 O-O 6.Be2 e5 7.d5 a5 8.h3 Na6 9.Bg5 c6
10.O-O h6 11.Be3 c5 12.Qd2 Kh7 13.Nh2 Nb8 14.Kh1 Qe7 15.Rae1 Nbd7 16.g4 Ng8
17.Rg1 Ra6 18.Rg3 Qd8 19.Reg1 Ne7 20.h4 Rh8 21.g5 h5 22.Qd1 Kg8 23.R1g2 Ra8
24.Nb5 Ra6 25.Bd2 Nb8 26.Qe1 Kh7 27.Ra3 b6 28.f4 Re8 29.Rf3 Kg8 30.Qg3 Ra8
31.fxe5 Bxe5 32.Bf4 Nd7 33.Nxd6  1-0

[Event "NLD-chT9596"]
[Site "?"]
[Date "1995.??.??"]
[Round "?"]
[White "Van der Wal, Jannes"]
[Black "Visser, Yge"]
[Result "0-1"]
[WhiteElo "2270"]
[BlackElo "2370"]

1.d4 Nf6 2.c4 g6 3.Nc3 Bg7 4.e4 d6 5.Nf3 O-O 6.Be2 Na6 7.O-O e5 8.Be3 Nd7
9.Bg5 f6 10.Bh4 Kh8 11.Ne1 exd4 12.Qxd4 Ne5 13.f4 g5 14.fxe5 fxe5 15.Rxf8+ Bxf8
16.Qd2 gxh4 17.Nf3 c6 18.Rf1 Kg8 19.b4 Be6 20.Qg5+ Qxg5 21.Nxg5 Nc7 22.c5 Kg7
23.Nxe6+ Nxe6 24.Bc4 Re8 25.cxd6 Bxd6 26.a3 b5 27.Ba2 Re7 28.Rf5 Kg6 29.Bxe6 Rxe6
30.Kf2 Re8 31.Kf3 a5 32.Na2 h5 33.Ke2 Ra8 34.Rf3 axb4 35.Nxb4 Bxb4 36.axb4 Ra2+
37.Kf1 Rb2 38.Rc3 Rxb4 39.Rxc6+ Kg5  0-1

[Event "NLD-chT9596"]
[Site "?"]
[Date "1995.??.??"]
[Round "?"]
[White "Douven, Rudy C"]
[Black "Wiersma, Eelke"]
[Result "1-0"]
[WhiteElo "2400"]
[BlackElo "2280"]

1.d4 Nf6 2.c4 g6 3.Nc3 Bg7 4.e4 d6 5.Be2 O-O 6.Nf3 Na6 7.O-O e5 8.Be3 Ng4
9.Bg5 Qe8 10.h3 h6 11.Bc1 Nf6 12.dxe5 dxe5 13.Be3 Nh5 14.Qc1 Kh7 15.Nb5 f5
16.exf5 gxf5 17.Nh2 f4 18.Bd2 Nf6 19.Qc2+ Kh8 20.Rfe1 Bd7 21.Rad1 Qe6 22.Bf3 c6
23.Nd4 Qd6 24.Nf5 Qc5 25.Nxg7 Kxg7 26.Bc3 Rae8 27.Bh5 Re7 28.Qg6+ Kh8 29.Bg4 Rg7
30.Qxh6+ Rh7 31.Qg5  1-0